00549nam a2200205Ia 4500003000400000005001700004008004100021020002200062040000700084041001200091082002000103100002600123245007600149260004000225300001700265365001400282650001400296650001400310700001900324OSt20250903183443.0210423s2014 xx 000 0 und d a978-81-8484-334-7 cAL aEnglish a330.9504 bBHAA aDebes Chandra Bhaumik aAsian economic integrationb: feasibility of an india-led economic bloc aNew DelhibRegal Publicationsc2014 avii,291pbHB b1180cINR aEconomics aEconomics aSen, Raj Kumar